000 00666ntaaa2200193 4500
003 01
005 20251027201757.0
008 0714s1973 ag 01
040 _aAR-BaBN
_bspa
_cAR-BaBN
_eaacr
_dRIC
082 _a241.0000 R24e
100 _aReding, Marcel
_916240
245 _aEstructura de la existencia cristiana
250 _a1 ed.
260 _aMadrid :
_bRialp,
_c1961
300 _a247 p ;
_c21,5 cm
500 _aContenido: 1 parte historicidad y superhistoricidad de la existencia cristiana: 2 parte disposición y promesa : 3 parte proximidad de Dios en Cristo : 4 parte Fe, existencia, libertad y comunidad
650 _aética cristiana
942 _cBK
999 _c12448
_d12448